[Event "POL-chT 2nd League"]
[Site "Jastrzebia Gora"]
[Date "2019.09.07"]
[Round "1.12"]
[White "Pazdziora, Michal"]
[Black "Tustanowski, Robert"]
[Result "1/2-1/2"]
[WhiteElo "2176"]
[BlackElo "2185"]
[PlyCount "35"]
[EventDate "2019.09.07"]
[EventType "team-swiss"]
[EventRounds "9"]
[EventCountry "POL"]
[SourceTitle "EXT 2020"]
[Source "ChessBase"]
[SourceDate "2019.10.17"]
[SourceVersion "1"]
[SourceVersionDate "2019.10.17"]
[SourceQuality "1"]
[WhiteTeam "Jastrzebie Zdroj Pionier"]
[BlackTeam "Zarzewie Prudnik"]
[WhiteTeamCountry "POL"]
[BlackTeamCountry "POL"]

1. d4 Nf6 2. Nf3 g6 3. Bf4 Bg7 4. e3 0-0 5. Be2 d6 6. h3 c5 7. c3 Be6 8. 0-0 Qb6 9. Qc2 Nc6 10. Nbd2 cxd4 11. Nxd4 Nxd4 12. exd4 Rac8 13. Nf3 Nd5 14. Bg5 h6 15. Bd2 Nf6 16. Be3 Nd5 17. Bd2 Nf6 18. Be3 1/2-1/2

[Event "POL-chT 2nd League"]
[Site "Jastrzebia Gora"]
[Date "2018.09.09"]
[Round "9.11"]
[White "Pazdziora, Michal"]
[Black "Teclaf, Pawel"]
[Result "0-1"]
[WhiteElo "2211"]
[BlackElo "2390"]
[PlyCount "66"]
[EventDate "2018.09.01"]
[EventType "team-swiss"]
[EventRounds "9"]
[EventCountry "POL"]
[SourceTitle "CBM 186 Extra"]
[Source "ChessBase"]
[SourceDate "2018.08.24"]
[SourceVersion "1"]
[SourceVersionDate "2018.08.24"]
[SourceQuality "1"]
[WhiteTeam "Jastrzebie Zdroj Pionier"]
[BlackTeam "Zakrzewo Korona"]
[WhiteTeamCountry "POL"]
[BlackTeamCountry "POL"]

1. d4 Nf6 2. Nf3 g6 3. Bf4 Bg7 4. e3 0-0 5. Be2 c5 6. c3 b6 7. 0-0 Bb7 8. Nbd2 d6 9. h3 Nbd7 10. a4 a6 11. Bh2 Ra7 12. b4 cxb4 13. cxb4 Qa8 14. Qb3 Bd5 15. Bc4 Bxc4 16. Nxc4 Rc8 17. Rac1 Rac7 18. b5 axb5 19. axb5 Ne4 20. Rc2 Qd5 21. Rfc1 Bf8 22. Ne1 Rxc4 23. Rxc4 Nd2 24. Rxc8 Nxb3 25. R1c3 Qxb5 26. Bf4 Kg7 27. R3c7 Nd2 28. Nf3 Qf1+ 29. Kh2 Nxf3+ 30. gxf3 Qxf2+ 31. Kh1 Qxf3+ 32. Kh2 Qf2+ 33. Kh1 e5 0-1

[Event "POL-chT 2nd League"]
[Site "Jastrzebia Gora"]
[Date "2018.09.07"]
[Round "8.8"]
[White "Graczyk, Damian"]
[Black "Pazdziora, Michal"]
[Result "1-0"]
[WhiteElo "2122"]
[BlackElo "2211"]
[PlyCount "144"]
[EventDate "2018.09.01"]
[EventType "team-swiss"]
[EventRounds "9"]
[EventCountry "POL"]
[SourceTitle "CBM 186 Extra"]
[Source "ChessBase"]
[SourceDate "2018.08.24"]
[SourceVersion "1"]
[SourceVersionDate "2018.08.24"]
[SourceQuality "1"]
[WhiteTeam "Minsk Mazowiecki MTSz"]
[BlackTeam "Jastrzebie Zdroj Pionier"]
[WhiteTeamCountry "POL"]
[BlackTeamCountry "POL"]

1. d4 d5 2. c4 c6 3. Nf3 Nf6 4. e3 Bf5 5. Nc3 e6 6. Nh4 Bg4 7. Qb3 Qb6 8. c5 Qc7 9. h3 Bh5 10. g4 Bg6 11. Nxg6 hxg6 12. Bg2 Nbd7 13. Bd2 Be7 14. Qc2 b6 15. cxb6 Nxb6 16. Na4 0-0 17. 0-0 Nxa4 18. Qxa4 c5 19. Rfc1 Qd7 20. Qxd7 Nxd7 21. dxc5 Bxc5 22. b4 Bb6 23. a4 Rfc8 24. a5 Bd8 25. f4 Rab8 26. Bf1 Be7 27. Rcb1 Bf6 28. Ra3 g5 29. b5 gxf4 30. exf4 Bd4+ 31. Be3 Bxe3+ 32. Rxe3 Rc2 33. Ra3 f6 34. Rd1 Nc5 35. f5 exf5 36. Rxd5 fxg4 37. hxg4 Rc1 38. b6 axb6 39. a6 b5 40. a7 Ra8 41. Ra5 Nb7 42. Ra6 Nc5 43. Rc6 Rxa7 44. Rcxc5 Re1 45. Rxb5 Raa1 46. Rf5 Re4 47. g5 fxg5 48. Rf2 Rg4+ 49. Kh2 Rh4+ 50. Kg3 Ra3+ 51. Rf3 Rxf3+ 52. Kxf3 Rf4+ 53. Kg2 Kf7 54. Rxg5 Kf6 55. Ra5 Rb4 56. Be2 Rb2 57. Kf3 Rb3+ 58. Kf2 Rc3 59. Bf3 Rc2+ 60. Kg3 Rc3 61. Kf4 Rc4+ 62. Be4 Rb4 63. Ra6+ Ke7 64. Ke5 Rb2 65. Ra7+ Kd8 66. Kd6 Kc8 67. Rxg7 Rd2+ 68. Bd5 Kb8 69. Rg8+ Ka7 70. Ra8+ Kb6 71. Rb8+ Ka7 72. Rb3 Rh2 1-0

[Event "POL-chT 2nd League"]
[Site "Jastrzebia Gora"]
[Date "2018.09.06"]
[Round "7.5"]
[White "Szadkowski, Krzysztof"]
[Black "Pazdziora, Michal"]
[Result "1-0"]
[WhiteElo "2145"]
[BlackElo "2211"]
[PlyCount "51"]
[EventDate "2018.09.01"]
[EventType "team-swiss"]
[EventRounds "9"]
[EventCountry "POL"]
[SourceTitle "CBM 186 Extra"]
[Source "ChessBase"]
[SourceDate "2018.08.24"]
[SourceVersion "1"]
[SourceVersionDate "2018.08.24"]
[SourceQuality "1"]
[WhiteTeam "Konin UKS Smecz"]
[BlackTeam "Jastrzebie Zdroj Pionier"]
[WhiteTeamCountry "POL"]
[BlackTeamCountry "POL"]

1. c4 c5 2. Nf3 Nf6 3. g3 Nc6 4. Bg2 d5 5. cxd5 Nxd5 6. 0-0 e5 7. Nc3 Nc7 8. d3 Be7 9. Be3 Be6 10. Rc1 Rc8 11. Nd2 Qd7 12. Qa4 0-0 13. Bxc6 bxc6 14. Nc4 Nd5 15. Nxe5 Qb7 16. Nxd5 cxd5 17. d4 Qxb2 18. Rc2 Qb7 19. dxc5 Bf5 20. Rcc1 Qb2 21. Nc6 Bf6 22. Bd4 Qxe2 23. Bxf6 Bh3 24. Ne7+ Kh8 25. Qh4 Qf3 26. Qxh3 1-0

[Event "POL-chT 2nd League"]
[Site "Jastrzebia Gora"]
[Date "2018.09.05"]
[Round "6.8"]
[White "Walkusz, Witoslaw"]
[Black "Pazdziora, Michal"]
[Result "0-1"]
[WhiteElo "2128"]
[BlackElo "2211"]
[PlyCount "104"]
[EventDate "2018.09.01"]
[EventType "team-swiss"]
[EventRounds "9"]
[EventCountry "POL"]
[SourceTitle "CBM 186 Extra"]
[Source "ChessBase"]
[SourceDate "2018.08.24"]
[SourceVersion "1"]
[SourceVersionDate "2018.08.24"]
[SourceQuality "1"]
[WhiteTeam "Czerwionka Leszczyny Skoczek"]
[BlackTeam "Jastrzebie Zdroj Pionier"]
[WhiteTeamCountry "POL"]
[BlackTeamCountry "POL"]

1. e4 c5 2. Nf3 e6 3. b3 b6 4. Bb2 Bb7 5. Nc3 Nc6 6. Bd3 d6 7. 0-0 Nf6 8. Re1 Be7 9. e5 dxe5 10. Nxe5 0-0 11. Ne4 Nxe5 12. Bxe5 Nxe4 13. Bxe4 Bxe4 14. Rxe4 Bf6 15. Qe2 Bxe5 16. Rxe5 Qd4 17. c3 Qf4 18. Re4 Qc7 19. Rd1 Rad8 20. Qc4 Rd5 21. d4 Rfd8 22. Rde1 b5 23. Qxb5 cxd4 24. Qd3 dxc3 25. Rc4 Qxh2+ 26. Kxh2 Rxd3 27. f3 h6 28. Rc1 Rd2 29. a4 R8d5 30. R1xc3 Rg5 31. Rg4 Rxg4 32. fxg4 Rd4 33. Rc8+ Kh7 34. Rc7 Kg6 35. Rxa7 Rb4 36. a5 Rxb3 37. a6 Ra3 38. Ra8 Kg5 39. Rg8 g6 40. Rg7 Kf6 41. Rh7 Rxa6 42. Rxh6 Ra4 43. Kg3 Kg5 44. Rh8 Ra3+ 45. Kf2 Kxg4 46. Rf8 Ra2+ 47. Kf1 Ra7 48. Kf2 e5 49. Rg8 Ra2+ 50. Kf1 Kg3 51. Re8 Rf2+ 52. Ke1 f6 0-1

[Event "POL-chT 2nd League"]
[Site "Jastrzebia Gora"]
[Date "2018.09.01"]
[Round "1.2"]
[White "Nowak, Kamil"]
[Black "Pazdziora, Michal"]
[Result "1/2-1/2"]
[WhiteElo "2288"]
[BlackElo "2211"]
[PlyCount "64"]
[EventDate "2018.09.01"]
[EventType "team-swiss"]
[EventRounds "9"]
[EventCountry "POL"]
[SourceTitle "CBM 186 Extra"]
[Source "ChessBase"]
[SourceDate "2018.08.24"]
[SourceVersion "1"]
[SourceVersionDate "2018.08.24"]
[SourceQuality "1"]
[WhiteTeam "Wroclaw Polonia"]
[BlackTeam "Jastrzebie Zdroj Pionier"]
[WhiteTeamCountry "POL"]
[BlackTeamCountry "POL"]

1. e4 d5 2. exd5 Qxd5 3. Nc3 Qd8 4. d4 Nf6 5. Nf3 Bg4 6. h3 Bxf3 7. Qxf3 c6 8. Be3 e6 9. 0-0-0 Bb4 10. Ne4 Nxe4 11. Qxe4 Qd5 12. Qxd5 exd5 13. Bf4 Kd7 14. Bd3 Bd6 15. Bf5+ Kc7 16. Bxd6+ Kxd6 17. Rhe1 Nd7 18. Bxd7 Kxd7 19. Re3 Rae8 20. Rde1 Rxe3 21. Rxe3 Re8 22. Rxe8 Kxe8 23. Kd2 Kd7 24. c3 Ke6 25. Ke3 Kf5 26. Kf3 h6 27. g4+ Ke6 28. Ke3 f5 29. f3 Kf6 30. Kf4 g5+ 31. Ke3 fxg4 32. fxg4 Ke6 1/2-1/2

[Event "POL-chT"]
[Site "Wroclaw"]
[Date "2011.09.02"]
[Round "4.1"]
[White "Pazdziora, Michal"]
[Black "Schmidt, Wlodzimierz"]
[Result "0-1"]
[WhiteElo "2250"]
[BlackElo "2396"]
[PlyCount "90"]
[EventDate "2011.05.06"]
[EventType "team-tourn"]
[EventRounds "9"]
[EventCountry "POL"]
[SourceTitle "EXT 2012"]
[Source "ChessBase"]
[SourceDate "2011.11.24"]
[SourceVersion "1"]
[SourceVersionDate "2011.11.24"]
[SourceQuality "1"]
[WhiteTeam "Dankowice Pasjonat"]
[BlackTeam "Poznan"]
[WhiteTeamCountry "POL"]
[BlackTeamCountry "POL"]

1. Nf3 Nf6 2. c4 g6 3. Nc3 d5 4. Qa4+ Bd7 5. Qb3 dxc4 6. Qxc4 a6 7. e4 b5 8. Qe2 c5 9. e5 Nh5 10. a4 Nc6 11. axb5 Nb4 12. d4 Bf5 13. Ra4 Nc2+ 14. Kd1 cxd4 15. Ne4 Rc8 16. bxa6 Bg7 17. Rc4 Rxc4 18. Qxc4 Bxe4 19. Ng5 Bd5 20. Qa4+ Kf8 21. Qxc2 Bxe5 22. Bc4 Kg7 23. Re1 Bf4 24. g4 Bxc1 25. Qxc1 Nf6 26. Bxd5 Nxd5 27. Qc5 h6 28. Qxd4+ Nf6 29. Nf3 Qa8 30. Ke2 Qxa6+ 31. Qd3 Qb7 32. Qd4 Rb8 33. Rb1 Qa6+ 34. Ke1 Qa2 35. Nd2 e5 36. Qc3 Nxg4 37. h3 Nf6 38. Kf1 Rd8 39. Re1 Qd5 40. Nf3 e4 41. Ne5 h5 42. Ra1 e3 43. f3 Re8 44. Ra5 Qd1+ 45. Qe1 e2+ 0-1

[Event "Pszczyna op"]
[Site "Pszczyna"]
[Date "2009.07.19"]
[Round "9"]
[White "Walach, Marcin"]
[Black "Pazdziora, Michal"]
[Result "1/2-1/2"]
[WhiteElo "2384"]
[BlackElo "2248"]
[PlyCount "69"]
[EventDate "2009.07.14"]
[EventType "swiss"]
[EventRounds "9"]
[EventCountry "POL"]
[SourceTitle "CBM 131 Extra"]
[Source "ChessBase"]
[SourceDate "2009.09.03"]
[SourceVersion "2"]
[SourceVersionDate "2009.09.16"]
[SourceQuality "1"]

1. d4 d5 2. c4 c6 3. Nc3 Nf6 4. Bg5 e6 5. e3 Nbd7 6. cxd5 exd5 7. Nf3 Be7 8. Bd3 0-0 9. Qc2 Re8 10. 0-0 Nf8 11. h3 Be6 12. Rfe1 Rc8 13. Rad1 Ng6 14. Ne5 Nd7 15. Bxe7 Qxe7 16. f4 Ndxe5 17. dxe5 Bd7 18. Qf2 b5 19. Ne2 Qb4 20. Ng3 Rcd8 21. Bb1 Bc8 22. Rd4 Qc5 23. Qd2 Nf8 24. Rc1 Qb6 25. Rd3 a5 26. Kh2 b4 27. Qc2 Ba6 28. Rd4 c5 29. Rdd1 c4 30. Nf5 Re6 31. Qf2 Qc7 32. Qg3 f6 33. Nd4 Rb6 34. Nf3 c3 35. bxc3 1/2-1/2

[Event "Pszczyna op"]
[Site "Pszczyna"]
[Date "2009.07.14"]
[Round "1"]
[White "Sowa, Bernard"]
[Black "Pazdziora, Michal"]
[Result "0-1"]
[WhiteElo "1917"]
[BlackElo "2248"]
[PlyCount "78"]
[EventDate "2009.07.14"]
[EventType "swiss"]
[EventRounds "9"]
[EventCountry "POL"]
[SourceTitle "CBM 131 Extra"]
[Source "ChessBase"]
[SourceDate "2009.09.03"]
[SourceVersion "2"]
[SourceVersionDate "2009.09.16"]
[SourceQuality "1"]

1. e4 c5 2. Nf3 Nc6 3. d4 cxd4 4. Nxd4 Qc7 5. Nc3 e6 6. Be2 Nf6 7. 0-0 a6 8. Kh1 Bb4 9. Nxc6 dxc6 10. Bd3 e5 11. f4 Bd6 12. f5 b5 13. Ne2 Bb7 14. Ng3 h5 15. h4 Be7 16. Bg5 0-0-0 17. Qe2 Kb8 18. a4 Ng4 19. Bxe7 Qxe7 20. f6 gxf6 21. Nf5 Qc5 22. axb5 cxb5 23. b4 Qxb4 24. Rfb1 Qc5 25. Bxb5 axb5 26. Rxb5 Qc7 27. c4 Rd4 28. c5 Rhd8 29. Nd6 R8xd6 30. cxd6 Qxd6 31. Rab1 Rd1+ 32. Qxd1 Nf2+ 33. Kg1 Nxd1 34. Rxb7+ Kc8 35. Rxf7 Qd4+ 36. Kh2 Ne3 37. Rbb7 Ng4+ 38. Kh3 Qd3+ 39. g3 Qf1# 0-1

[Event "POL-chT 1st League"]
[Site "Ustron"]
[Date "2008.09.12"]
[Round "7"]
[White "Kuczynski, Robert"]
[Black "Pazdziora, Michal"]
[Result "1-0"]
[WhiteElo "2497"]
[BlackElo "2236"]
[PlyCount "93"]
[EventDate "2008.09.06"]
[EventType "team-tourn"]
[EventRounds "9"]
[EventCountry "POL"]
[SourceTitle "CBM 126 Extra"]
[Source "ChessBase"]
[SourceDate "2008.11.05"]
[SourceVersion "1"]
[SourceVersionDate "2008.11.05"]
[SourceQuality "1"]
[WhiteTeam "Wroclaw AZS WSB"]
[BlackTeam "Dankowice Pasjonat"]
[WhiteTeamCountry "POL"]
[BlackTeamCountry "POL"]

1. e4 c5 2. Nf3 e6 3. Nc3 a6 4. d4 cxd4 5. Nxd4 Nc6 6. Be2 Qc7 7. 0-0 Nf6 8. Be3 Be7 9. f4 d6 10. a4 0-0 11. Kh1 Bd7 12. Nb3 b6 13. Bf3 Bc8 14. g4 Bb7 15. g5 Nd7 16. Bg2 Rfe8 17. Rf3 Bf8 18. Rh3 g6 19. Qd2 Rad8 20. Rd1 Nc5 21. Qf2 Qe7 22. f5 Ne5 23. Qh4 h6 24. gxh6 Qxh4 25. Rxh4 Be7 26. Rh3 exf5 27. exf5 Bc8 28. Nd4 gxf5 29. Rg3+ Ng6 30. Nc6 Bh4 31. Nxd8 Bxg3 32. hxg3 Rxd8 33. a5 Re8 34. Nd5 Nd7 35. Nxb6 Rxe3 36. Nxc8 Rxg3 37. Nxd6 Nh4 38. Nxf5 Nxf5 39. Rxd7 Ne3 40. Bd5 Rh3+ 41. Kg1 Nxd5 42. Rxd5 Rxh6 43. Rc5 Rf6 44. b4 Kf8 45. c4 Ke7 46. b5 Kd7 47. b6 1-0

[Event "Zlota Wieze 50"]
[Site "Pultusk"]
[Date "2008.07.05"]
[Round "9.8"]
[White "Bidzinski, Leslaw"]
[Black "Pazdziora, Michal"]
[Result "1/2-1/2"]
[WhiteElo "1804"]
[BlackElo "2197"]
[PlyCount "60"]
[EventDate "2008.06.30"]
[EventType "team"]
[EventRounds "9"]
[EventCountry "POL"]
[SourceTitle "EXT 2020"]
[Source "ChessBase"]
[SourceDate "2019.10.17"]
[SourceVersion "1"]
[SourceVersionDate "2019.10.17"]
[SourceQuality "1"]

1. e4 c5 2. Nf3 e6 3. c4 Nc6 4. d3 g6 5. Nc3 Bg7 6. Nb5 d6 7. Rb1 a6 8. Nc3 Nge7 9. Be2 Rb8 10. 0-0 0-0 11. a3 b5 12. cxb5 axb5 13. Na2 b4 14. axb4 Nxb4 15. Nxb4 Rxb4 16. Nd2 d5 17. b3 Qa5 18. Qc2 Bb7 19. exd5 exd5 20. Nf3 Qc7 21. Ba3 Rb5 22. d4 Ra5 23. Bc1 Rc8 24. Bd2 Raa8 25. Rfc1 c4 26. bxc4 Ba6 27. Bb4 Nf5 28. Bc5 dxc4 29. Bxc4 Nxd4 30. Bxd4 Qxc4 1/2-1/2

[Event "Zlota Wieze 50"]
[Site "Pultusk"]
[Date "2008.07.04"]
[Round "8.2"]
[White "Bardeli, Lukasz"]
[Black "Pazdziora, Michal"]
[Result "1/2-1/2"]
[WhiteElo "2317"]
[BlackElo "2197"]
[PlyCount "75"]
[EventDate "2008.06.30"]
[EventType "team"]
[EventRounds "9"]
[EventCountry "POL"]
[SourceTitle "EXT 2020"]
[Source "ChessBase"]
[SourceDate "2019.10.17"]
[SourceVersion "1"]
[SourceVersionDate "2019.10.17"]
[SourceQuality "1"]

1. Nf3 Nf6 2. c4 e6 3. g3 d5 4. Bg2 dxc4 5. Qa4+ c6 6. Qxc4 b5 7. Qc2 Bb7 8. b3 c5 9. Bb2 Nc6 10. 0-0 Rc8 11. Nc3 Nd4 12. Nxd4 Bxg2 13. Nxe6 Qd7 14. Kxg2 Qxe6 15. Qd3 a6 16. Qe3 Qxe3 17. fxe3 Be7 18. e4 0-0 19. d3 Rfd8 20. Rfd1 c4 21. bxc4 bxc4 22. d4 Bb4 23. Kf3 Bxc3 24. Bxc3 Re8 25. e5 Nd5 26. Rac1 f6 27. e4 Nxc3 28. Rxc3 fxe5 29. dxe5 Rxe5 30. Rd5 Re6 31. e5 Kf7 32. Ke4 Ke7 33. Kd4 Rh6 34. h4 Rg6 35. Ke4 Rg4+ 36. Kf5 Rg6 37. Ke4 Rg4+ 38. Kf5 1/2-1/2

[Event "POL-chT 2nd League"]
[Site "Wysowa"]
[Date "2007.09.06"]
[Round "4"]
[White "Lisowski, Krzysztof"]
[Black "Pazdziora, Michal"]
[Result "0-1"]
[WhiteElo "2237"]
[BlackElo "2205"]
[PlyCount "120"]
[EventDate "2007.09.03"]
[EventType "team-swiss"]
[EventRounds "9"]
[EventCountry "POL"]
[SourceTitle "EXT 2010"]
[Source "ChessBase"]
[SourceDate "2010.11.25"]
[SourceVersion "1"]
[SourceVersionDate "2010.11.25"]
[SourceQuality "1"]
[WhiteTeam "Ostroda Ostrodzianka"]
[BlackTeam "Dankowice Pasjonat"]
[WhiteTeamCountry "POL"]
[BlackTeamCountry "POL"]

1. e4 c5 2. Nf3 d6 3. Bb5+ Bd7 4. Bxd7+ Qxd7 5. 0-0 Nf6 6. Re1 Nc6 7. c3 e6 8. d4 cxd4 9. cxd4 d5 10. e5 Ne4 11. Nbd2 Nxd2 12. Bxd2 Be7 13. Qb3 0-0 14. Qd3 Rfc8 15. a3 Qd8 16. h4 Na5 17. Ng5 Bxg5 18. hxg5 Qb6 19. Bb4 Rc4 20. Re3 Nc6 21. Rh3 g6 22. Bc3 Nxd4 23. Rd1 Nf5 24. g3 Qb3 25. Kg2 d4 26. Bb4 Qxd3 27. Rxd3 a5 28. Bd2 a4 29. g4 Ne7 30. Rh6 Kg7 31. Rdh3 Rh8 32. b3 Rc2 33. Bb4 Nd5 34. bxa4 Nf4+ 35. Kf3 Nxh3 36. Rxh3 Rd8 37. Rh1 Rd5 38. Bd6 d3 39. Rd1 b6 40. Ke3 Re2+ 41. Kf3 Rd4 42. a5 bxa5 43. Rb1 Rb2 44. Rxb2 d2 45. Rb1 d1Q+ 46. Rxd1 Rxd1 47. Ke3 h5 48. gxh6+ Kxh6 49. f3 g5 50. Be7 Kg6 51. Ke4 Rd5 52. Bf8 f6 53. exf6 Kxf6 54. Ke3 Kf7 55. Bh6 Rb5 56. Ke4 Rb3 57. Bxg5 Rxa3 58. Bd2 a4 59. f4 Rg3 60. g5 a3 0-1

[Event "POL-chT 2nd League"]
[Site "Wysowa"]
[Date "2007.09.03"]
[Round "1"]
[White "Pazdziora, Michal"]
[Black "Szymczak, Rafal"]
[Result "1/2-1/2"]
[WhiteElo "2205"]
[BlackElo "2081"]
[PlyCount "61"]
[EventDate "2007.09.03"]
[EventType "team-swiss"]
[EventRounds "9"]
[EventCountry "POL"]
[SourceTitle "EXT 2010"]
[Source "ChessBase"]
[SourceDate "2010.11.25"]
[SourceVersion "1"]
[SourceVersionDate "2010.11.25"]
[SourceQuality "1"]
[WhiteTeam "Dankowice Pasjonat"]
[BlackTeam "Milanowek UKS Jedwabnik"]
[WhiteTeamCountry "POL"]
[BlackTeamCountry "POL"]

1. d4 Nf6 2. Nf3 c5 3. c3 b6 4. Bf4 Bb7 5. e3 e6 6. Nbd2 Nc6 7. Bd3 d5 8. 0-0 Bd6 9. Ne5 Qc7 10. Bb5 a6 11. Nxc6 Bxc6 12. Bxd6 Qxd6 13. Bd3 Bb5 14. Bxb5+ axb5 15. a4 bxa4 16. Rxa4 0-0 17. Qb3 c4 18. Qa2 Rxa4 19. Qxa4 b5 20. Qa5 h6 21. b4 cxb3 22. Nxb3 Qc6 23. Nc5 Nd7 24. Nxd7 Qxd7 25. Rb1 Rc8 26. Rxb5 Rxc3 27. Rc5 Rb3 28. g3 Rb7 29. Kg2 Ra7 30. Qc3 Qe7 31. Rc8+ 1/2-1/2

[Event "Rewal op-A 12th"]
[Site "Rewal"]
[Date "2007.08.26"]
[Round "6"]
[White "Dragun, Kamil"]
[Black "Pazdziora, Michal"]
[Result "1-0"]
[WhiteElo "2050"]
[BlackElo "2205"]
[PlyCount "53"]
[EventDate "2007.08.20"]
[EventType "swiss"]
[EventRounds "9"]
[EventCountry "POL"]
[SourceTitle "CBM 120 Extra"]
[Source "ChessBase"]
[SourceDate "2007.11.01"]
[SourceVersion "1"]
[SourceVersionDate "2007.11.01"]
[SourceQuality "1"]

1. e4 c5 2. Nf3 Nc6 3. d4 cxd4 4. Nxd4 Qb6 5. Nb3 Nf6 6. Nc3 e6 7. Bd3 a6 8. 0-0 d6 9. Be3 Qc7 10. f4 b5 11. Qf3 Bb7 12. Rae1 Be7 13. Nd4 Nb4 14. a3 Nxd3 15. cxd3 d5 16. e5 Nd7 17. f5 0-0-0 18. Ncxb5 axb5 19. Rc1 Nc5 20. b4 Kb8 21. bxc5 Bc6 22. fxe6 f6 23. exf6 Bxf6 24. Qxf6 gxf6 25. Bf4 Kb7 26. Bxc7 Kxc7 27. Rxf6 1-0

[Event "Pszczyna op 3rd"]
[Site "Pszczyna"]
[Date "2007.07.21"]
[Round "7"]
[White "Kosiorek, Marek"]
[Black "Pazdziora, Michal"]
[Result "1-0"]
[WhiteElo "2354"]
[BlackElo "2205"]
[PlyCount "43"]
[EventDate "2007.07.17"]
[EventType "swiss"]
[EventRounds "9"]
[EventCountry "POL"]
[SourceTitle "EXT 2011"]
[Source "ChessBase"]
[SourceDate "2010.11.26"]
[SourceVersion "1"]
[SourceVersionDate "2010.11.26"]
[SourceQuality "1"]

1. d4 d5 2. c4 c6 3. e3 Nf6 4. Bd3 dxc4 5. Bxc4 e6 6. Nf3 a6 7. 0-0 b5 8. Bd3 c5 9. e4 Nc6 10. e5 Nd5 11. dxc5 Bxc5 12. a3 Bb7 13. Qe2 Rc8 14. g3 Nd4 15. Nxd4 Bxd4 16. Nd2 Ne7 17. Ne4 Bxe4 18. Bxe4 Qb6 19. Bf4 Ng6 20. Bxg6 hxg6 21. h4 Rc5 22. Rad1 1-0

[Event "Pszczyna op 3rd"]
[Site "Pszczyna"]
[Date "2007.07.21"]
[Round "8"]
[White "Pazdziora, Michal"]
[Black "Pipala, Janusz"]
[Result "1-0"]
[WhiteElo "2205"]
[BlackElo "2089"]
[PlyCount "41"]
[EventDate "2007.07.17"]
[EventType "swiss"]
[EventRounds "9"]
[EventCountry "POL"]
[SourceTitle "EXT 2011"]
[Source "ChessBase"]
[SourceDate "2010.11.26"]
[SourceVersion "1"]
[SourceVersionDate "2010.11.26"]
[SourceQuality "1"]

1. d4 Nf6 2. c4 e6 3. Nf3 d5 4. Nc3 Be7 5. Bf4 0-0 6. e3 c6 7. h3 Nbd7 8. c5 b6 9. b4 Ne4 10. Nxe4 dxe4 11. Nd2 f5 12. Nc4 a5 13. a3 Ba6 14. cxb6 axb4 15. Bc7 Qe8 16. a4 Nf6 17. Nd6 Bxd6 18. Bxd6 Bxf1 19. Rxf1 Nd5 20. Bxf8 Kxf8 21. a5 1-0

[Event "POL-chT U19 38th"]
[Site "Szklarska Poreba"]
[Date "2007.07.10"]
[Round "11"]
[White "Pazdziora, Michal"]
[Black "Motyka, Michal"]
[Result "0-1"]
[WhiteElo "2205"]
[BlackElo "2350"]
[PlyCount "104"]
[EventDate "2007.07.02"]
[EventType "team-tourn"]
[EventRounds "11"]
[EventCountry "POL"]
[SourceTitle "EXT 2010"]
[Source "ChessBase"]
[SourceDate "2010.11.25"]
[SourceVersion "1"]
[SourceVersionDate "2010.11.25"]
[SourceQuality "1"]
[WhiteTeam "Suwalki Hancza U19"]
[BlackTeam "Jaworzno JKSz MCKiS U19"]
[WhiteTeamCountry "POL"]
[BlackTeamCountry "POL"]

1. d4 d5 2. c4 dxc4 3. Nf3 Nf6 4. e3 e6 5. Bxc4 a6 6. 0-0 b5 7. Bb3 Bb7 8. a4 b4 9. Qe2 Nbd7 10. Nbd2 c5 11. e4 cxd4 12. e5 Ng4 13. h3 d3 14. Qe1 Nh6 15. Ne4 Nf5 16. Bg5 Qb6 17. Rc1 Nc5 18. Ned2 Bxf3 19. gxf3 Qb7 20. Bd1 Be7 21. Be3 Rc8 22. Ne4 Nd7 23. Rxc8+ Qxc8 24. f4 Qc6 25. Ng3 Nh4 26. f3 0-0 27. Ne4 Qd5 28. Nd2 Nc5 29. Kh2 Nf5 30. Bf2 Qa2 31. b3 Qa1 32. Ne4 Qb2 33. Qxb4 Nxe4 34. Qxe4 Rd8 35. Kg1 Qc3 36. Qc4 Qa5 37. Re1 h5 38. Kh2 Qd2 39. Rf1 a5 40. Kg1 Bh4 41. Qc5 Bxf2+ 42. Qxf2 Qxf4 43. Re1 Rc8 44. Re4 Qg5+ 45. Kh2 Rc1 46. f4 Qg6 47. Re1 Ne7 48. Bxh5 Rxe1 49. Bxg6 Re2 50. Kg1 Rxf2 51. Bxf7+ Kxf7 52. Kxf2 Nd5 0-1

[Event "Zlota Wieza op 49th"]
[Site "Gniezno"]
[Date "2007.05.23"]
[Round "5"]
[White "Pazdziora, Michal"]
[Black "Sapis, Witalis"]
[Result "1/2-1/2"]
[WhiteElo "2194"]
[BlackElo "2401"]
[PlyCount "37"]
[EventDate "2007.05.20"]
[EventType "swiss"]
[EventRounds "9"]
[EventCountry "POL"]
[SourceTitle "EXT 2011"]
[Source "ChessBase"]
[SourceDate "2010.11.26"]
[SourceVersion "1"]
[SourceVersionDate "2010.11.26"]
[SourceQuality "1"]

1. d4 Nf6 2. Nf3 c6 3. g3 d5 4. Bg2 Bf5 5. 0-0 h6 6. b3 e6 7. Bb2 Be7 8. c4 0-0 9. Nc3 Ne4 10. Nd2 Nxc3 11. Bxc3 Nd7 12. e4 dxe4 13. Nxe4 Nf6 14. Nxf6+ Bxf6 15. Qd2 Rc8 16. Rad1 Qd7 17. d5 Bxc3 18. Qxc3 cxd5 19. Qe3 1/2-1/2

[Event "Zlota Wieza op 49th"]
[Site "Gniezno"]
[Date "2007.05.20"]
[Round "1"]
[White "Pazdziora, Michal"]
[Black "Dymek, Lukasz"]
[Result "0-1"]
[WhiteElo "2194"]
[BlackElo "2033"]
[PlyCount "84"]
[EventDate "2007.05.20"]
[EventType "swiss"]
[EventRounds "9"]
[EventCountry "POL"]
[SourceTitle "EXT 2011"]
[Source "ChessBase"]
[SourceDate "2010.11.26"]
[SourceVersion "1"]
[SourceVersionDate "2010.11.26"]
[SourceQuality "1"]

1. d4 Nf6 2. c4 e6 3. Nf3 b6 4. g3 Bb7 5. Bg2 Be7 6. Nc3 0-0 7. Qd3 d5 8. cxd5 exd5 9. Ne5 Na6 10. 0-0 Nb4 11. Qd2 Re8 12. a3 Nc6 13. b4 Bf8 14. Nxc6 Bxc6 15. Qa2 Qd7 16. Rb1 Ne4 17. Nxe4 dxe4 18. Bf4 Bd5 19. Bh3 f5 20. Qd2 a5 21. Rfc1 Rec8 22. Be5 Be6 23. Qf4 c6 24. bxa5 b5 25. Qd2 Bxa3 26. Rd1 b4 27. f3 exf3 28. exf3 Rxa5 29. Re1 Re8 30. Qg5 Ra7 31. Bf1 b3 32. Bd3 Bb4 33. Red1 Qf7 34. h4 c5 35. dxc5 Bxc5+ 36. Kg2 Ra2+ 37. Rb2 Bd5 38. Bc3 Re3 39. Qd8+ Bf8 40. Rxa2 bxa2 41. Ba1 Bxf3+ 42. Kf2 Re8 0-1